International law and human rights / (Record no. 4168)

MARC details
000 -LEADER
fixed length control field 00706 a2200193 4500
010 ## - LCCN (DPL NO)
LC control number ENG-86089
020 ## - INTERNATIONAL STANDARD BOOK NUMBER
International Standard Book Number 8180381099
Terms of availability 225.00
035 ## - SYSTEM CONTROL NUMBER
System control number EN-69622
037 ## - SOURCE OF ACQUISITION
Source of stock number/acquisition DBAD / PUB
082 14 - DEWEY DECIMAL CLASSIFICATION NUMBER
Classification number 341.481
100 ## - MAIN ENTRY--PERSONAL NAME
Personal name Jayakumar, N.K.
245 1# - TITLE STATEMENT
Title International law and human rights /
Statement of responsibility, etc by Jayakumar, N.K.
260 ## - PUBLICATION, DISTRIBUTION, ETC. (IMPRINT)
Place of publication, distribution, etc New Delhi
Name of publisher, distributor, etc LexisNexis Butterworths
Date of publication, distribution, etc 2005
270 ## - ADDRESS
Address 14th Floor, Vijaya Building, 17, Barakhamba Road,
City New Delhi
State or province New Delhi
Postal code 110 001
Electronic mail address customer.care@lexisnexis.co.in
Telephone number 011-23739614
300 ## - PHYSICAL DESCRIPTION
Extent xviii, 370p.
Dimensions 23 cm. (pbk)
490 ## - SERIES STATEMENT
Series statement LexisNexis student series
500 ## - GENERAL NOTE
General note Includes bibliographical references and index
942 ## - ADDED ENTRY ELEMENTS (KOHA)
Institution code [OBSOLETE] dpl
Item type English Books
Source of classification or shelving scheme Dewey Decimal Classification
Classification part 341.481
Call number suffix JAY
Holdings
Withdrawn status Lost status Not for loan Collection code Home library Current library Date acquired Source of acquisition Cost, normal purchase price Full call number Barcode Copy number Cost, replacement price Koha item type
    Not For Loan Non-fiction D.B.Act.Division D.B.Act.Division   DBAD/PUB 225.00 341.481 JAY EN-69622 1 225.00 English Books

© Delhi Public Library
Hit Counter
free hit counter